000 00553 a2200205 4500
003 sjds
005 20240317215236.0
008 240317b |||||||| |||| 00| 0 spa d
020 _a9788427931688
020 _a8427931689
040 _csjds
041 _aspa
100 _aByars, Betsy Cromer
245 _aBolas locas /
_cBetsy Cromer Byars
260 _aBarcelona [Spain] :
_b Editorial Noguer,
_c2005, c1985
300 _a 121 pages :
_billustrations ;
_c20 cm
440 _a Cuatro vientos,
_n59
521 _aA partir de 11 anos.
942 _cBK
999 _c29258
_d29256